Estadísticas laborales : tercer trimestre 1998 /

Збережено в:
Бібліографічні деталі
Формат: Книга
Мова:Іспанська
Опубліковано: México : Secretaría del Trabajo y Previsión Social, Subsecretaría de Capacitación, Productividad y Empleo, 1998, c1998
Предмети:
Теги: Додати тег
Немає тегів, Будьте першим, хто поставить тег для цього запису!

MARC

LEADER 00000nam^a2200000^a^4500
001 000111736
005 20250521000000.0
009 20260310093844.44
037 |a Acervo ITESO - Biblioteca 
041 |a ESP 
082 |a 331. 120972  |b EST 1998 V. 3 
245 1 0 |a Estadísticas laborales :  |b tercer trimestre 1998 / 
264 4 |a México :  |b Secretaría del Trabajo y Previsión Social, Subsecretaría de Capacitación, Productividad y Empleo,  |c 1998, c1998 
300 |a 122 p. 
336 |a texto  |b txt  |2 rdacontenido 
337 |a sin mediación  |b n  |2 rdamedio 
338 |a volumen  |b nc  |2 rdasoporte 
649 |a XX 
650 |a Empleo y Desempleo -  |z México -  |x Estadísticas 
650 |a Empleo y Desempleo -  |z México -  |x Historia -  |y 1994-2000 
650 |a Administración de Sueldos y Salarios 
650 |a Relaciones Laborales 
650 |a Recursos Humanos 
650 |a Economía -  |z México -  |x Estadísticas 
650 |a Economía -  |z México -  |x Historia -  |y 1994-2000 
910 |a Fondo General 
920 |a Impresos - Libros 
930 |a Colección General 
905 |a 101 
901 |a 0500048618  |b IT1  |c ACC  |u 20250521 
902 |a https://opac.biblio.iteso.mx/vufind/Record/000111736